|
|
|
|
| LEADER |
00000cam a2200000 7i4500 |
| 001 |
0000011995 |
| 005 |
20160330.0 |
| 008 |
071122 |
| 020 |
|
|
|a 9676116076
|
| 090 |
0 |
0 |
|a 305.235
|b RED
|
| 100 |
0 |
|
|a Redwan Majid
|
| 245 |
1 |
0 |
|a Remaja yang berwawasan
|c Redwan Majid, Zulkifli Ismail
|
| 260 |
|
|
|a Kuala Lumpur :
|b Utusan Publications & Distibutors ,
|c 2004
|
| 440 |
|
|
|a Siri motivasi utusan dan kecemerlangan Utusan
|
| 500 |
|
|
|a Teenager ages 13-18 years old (blue)
|
| 650 |
|
0 |
|a Malay fiction
|
| 650 |
|
0 |
|a Teenagers
|x Conduct of life
|
| 650 |
|
0 |
|a Youth
|z Malaysia
|
| 700 |
0 |
|
|a Zulkifli Ismail
|
| 710 |
0 |
|
|a Title
|
| 999 |
|
|
|a 0000932884
|b Book
|c Adult Collection
|e Cawangan Tangkak
|
| 999 |
|
|
|a 0000940563
|b Book
|c Adult Collection
|e Cawangan Taman Sri Lambak
|
| 999 |
|
|
|a 0001004526
|b Book
|c Teenagers
|e Perbadanan Perpustakaan Awam Johor
|
| 999 |
|
|
|a 0001004528
|b Book
|c Teenagers
|e Perbadanan Perpustakaan Awam Johor
|